000 00298nam a2200121Ia 4500
008 220204s9999 xx 000 0 und d
082 _a059
_bBUR
100 _aBURTON, Jane
245 0 _aBaby animals
260 _aSurrey
_bColour Library International
_c1977
650 _aBaby animals
942 _cBK
999 _c35882
_d35882